Yüklüyor......
Aadhunik bharathiya rang paridrishya/
| Yazar: | |
|---|---|
| Materyal Türü: | Printed Book |
| Baskı/Yayın Bilgisi: |
New Delhi:
Takshashila Prakashan,
1992.
|
| LEADER | 00371nam a22001097a 4500 | ||
|---|---|---|---|
| 100 | |a Jaydev Taneja | ||
| 245 | |a Aadhunik bharathiya rang paridrishya/ |c Jaydev Taneja | ||
| 260 | |a New Delhi: |b Takshashila Prakashan, |c 1992. | ||
| 300 | |a 224p. | ||
| 942 | |2 ddc |c BK | ||
| 999 | |c 246300 |d 246300 | ||
| 952 | |0 0 |1 0 |4 0 |7 0 |9 273403 |a HIN |b HIN |c S-27 |d 2012-10-05 |i 18714 |l 0 |p HIN18714 |r 2014-02-07 |w 2014-02-07 |y BK | ||